| 000 | 02713nam a22003493i 4500 | ||
|---|---|---|---|
| 001 | EBC30158404 | ||
| 003 | MiAaPQ | ||
| 005 | 20240323213545.0 | ||
| 007 | cr cnu|||||||| | ||
| 008 | 230206s2022 xx o ||||0 ger d | ||
| 020 |
_a9783657793808 _q(electronic bk.) |
||
| 020 | _z9783506793805 | ||
| 040 |
_aMiAaPQ _beng _cMiAaPQ |
||
| 100 | 1 |
_aBömelburg, Hans-Jürgen. _92492 _4aut _econtributor |
|
| 245 | 1 | 0 |
_aLodz : _bGeschichte einer multikulturellen Industriestadt im 20. Jahrhundert _cHans-Jürgen Bömelburg |
| 250 | _a1st ed. | ||
| 264 | 1 |
_aPiraí : _bBRILL, _c2022. |
|
| 264 | 4 | _c{copy}2022. | |
| 300 | _a1 online resource (508 pages) | ||
| 336 |
_aText _btxt _2rdacontent |
||
| 337 |
_aComputermedien _bc _2rdamedia |
||
| 338 |
_aOnline Resource _bcr _2rdacarrier |
||
| 500 | _aE-Book-ProQuest / Fernzugriff nach Registrierung möglich | ||
| 505 | 0 | _aIntro -- Inhalt -- Kapitel 1. Warum Lodz? -- Kapitel 2. Die Entstehung einer Textilmetropole -- Kapitel 3. Lodz im russländischen Imperium um 1900: Multikulturalität einer Migrationsgesellschaft -- Kapitel 4. „Lodzermenschen" in der „Bösen Stadt" -- Kapitel 5. Lodz im polnischen Staat 1914/1918-1939: Bürgergesellschaft und Integration -- Kapitel 6. Lodzer Gesellschaft 1918/20-1939: Soziale und ethnische Radikalisierung -- Kapitel 7. Lodz im Krieg 1939: Berichte von Verfolgung und Verrat -- Kapitel 8. Lodz wird Litzmannstadt: Eskalation und Rassenpolitik -- Kapitel 9. Deutsche in Litzmannstadt: Reichsdeutsche, Volksdeutsche, Deutsche? -- Kapitel 10. Polen im besetzten Lodz: Überlebensstrategien und Widerstand -- Kapitel 11. Juden im Getto Litzmannstadt: Ausgrenzung, Verfolgung, Ermordung -- Kapitel 12. Lodz nach Kriegsende: Keine „Stunde null" für Polen, Deutsche und Juden -- Kapitel 13. Das rote Lodz: Heimliche Hauptstadt Polens in Propaganda und Strukturwandel -- Kapitel 14. Volkspolnische Provinz: Die Textilstadt Lodz 1956-1989 -- Kapitel 15. Lodz nach 1989: Zusammenbruch und Metamorphose einer Stadt -- Kapitel 16. Lodz als Erinnerungsort: Die polnische, deutsche und jüdische Erinnerung an Lodz nach 1945 -- Nachwort und Dank -- Stadtplan von Lodz 1913 -- Stadtplan von Litzmannstadt 1942 -- Abkürzungen -- Quellen- und Literaturverzeichnis -- Abbildungsverzeichnis -- Orts- und Namensregister -- Personenregister. | |
| 648 |
_a1900-2000 _92480 |
||
| 651 | 4 |
_aŁódź _95472 |
|
| 655 | 4 | _aElectronic books. | |
| 655 |
_aFernzugriff _9230 |
||
| 776 | 0 | 8 |
_iPrint version: _aBömelburg, Hans-Jürgen _tLodz _dPiraí : BRILL,c2022 _z9783506793805 |
| 856 | 4 | 0 |
_uhttps://ebookcentral.proquest.com/lib/maxweberstiftung-ebooks/detail.action?docID=30158404 _zVolltext |
| 942 |
_cEB _2z |
||
| 999 |
_c61635 _d61635 |
||